[Event "Skopje Karposh CC-ch"]
[Site "Skopje"]
[Date "2023.07.19"]
[Round "5"]
[White "Kacakovski, Dimitar"]
[Black "Golubovic, Tomislav"]
[Result "1-0"]
[WhiteElo "1995"]
[BlackElo "1622"]
[PlyCount "97"]
[EventDate "2023.07.16"]
[EventType "tourn"]
[EventRounds "11"]
[EventCountry "MKD"]
[SourceTitle "CBM 215 Extra"]
[Source "ChessBase"]
[SourceDate "2023.09.30"]
[SourceVersion "1"]
[SourceVersionDate "2023.09.30"]
[SourceQuality "1"]

1. d4 Nf6 2. Nf3 d5 3. c4 dxc4 4. Nc3 g6 5. e4 Bg4 6. Bxc4 e6 7. Be3 Bg7 8. h3 Bxf3 9. Qxf3 0-0 10. e5 Nd5 11. Nxd5 exd5 12. Bxd5 c6 13. Bb3 Nd7 14. 0-0 a5 15. Rac1 a4 16. Bc2 Nb6 17. Be4 Qe7 18. Qg3 f5 19. exf6 Bxf6 20. Bd3 Qg7 21. Rfd1 Rad8 22. Bc4+ Kh8 23. d5 Nxd5 24. Bg5 Nb6 25. Rxd8 Rxd8 26. Qf4 Rf8 27. Bh6 Qe7 28. Bxf8 Qxf8 29. Be6 Qe7 30. Qb8+ Kg7 31. Qg8+ Kh6 32. b3 axb3 33. axb3 Nd7 34. Bxd7 Qxd7 35. Qf8+ Bg7 36. Qf4+ g5 37. Qf3 Bd4 38. Re1 c5 39. Re4 Kg6 40. h4 h6 41. h5+ Kg7 42. Qe2 Bf6 43. Qc2 Bd4 44. Qe2 Bf6 45. Re6 Qd4 46. Qc2 Kf7 47. Rb6 Qa1+ 48. Kh2 Qe5+ 49. g3 1-0

[Event "Skopje Karposh CC-ch"]
[Site "Skopje"]
[Date "2023.07.18"]
[Round "4"]
[White "Glavinac, Darijan"]
[Black "Kacakovski, Dimitar"]
[Result "0-1"]
[WhiteElo "1211"]
[BlackElo "1995"]
[PlyCount "24"]
[EventDate "2023.07.16"]
[EventType "tourn"]
[EventRounds "11"]
[EventCountry "MKD"]
[SourceTitle "CBM 215 Extra"]
[Source "ChessBase"]
[SourceDate "2023.09.30"]
[SourceVersion "1"]
[SourceVersionDate "2023.09.30"]
[SourceQuality "1"]

1. d4 Nf6 2. c4 g6 3. Nc3 Bg7 4. e4 d6 5. f3 0-0 6. Be3 Nc6 7. Nh3 Bxh3 8. gxh3 e5 9. d5 Nd4 10. Bxd4 exd4 11. Qxd4 Nxe4 12. Qd3 Qh4+ 0-1

[Event "FRM-chT2"]
[Site "Struga"]
[Date "2023.07.02"]
[Round "4.3"]
[White "Kacakovski, Dimitar"]
[Black "Minas, Ioannis"]
[Result "1-0"]
[WhiteElo "1995"]
[BlackElo "1947"]
[PlyCount "69"]
[EventDate "2023.06.30"]
[EventType "team-tourn"]
[EventRounds "7"]
[EventCountry "MKD"]
[SourceTitle "EXT 2024"]
[Source "ChessBase"]
[SourceDate "2023.10.10"]
[SourceVersion "1"]
[SourceVersionDate "2023.10.10"]
[SourceQuality "1"]

1. e4 e5 2. Nf3 Nc6 3. Bc4 Nf6 4. d3 h6 5. 0-0 d6 6. c3 g6 7. d4 Qe7 8. Re1 Bg7 9. d5 Nb8 10. b4 0-0 11. a4 Nh5 12. g3 Kh7 13. Be2 a5 14. Nbd2 Na6 15. Ba3 Nf6 16. Qc2 Ne8 17. Nh4 Bf6 18. Ng2 Bh8 19. Ne3 Ng7 20. Kh1 f5 21. exf5 gxf5 22. g4 Kg8 23. gxf5 Qh4 24. Bg4 axb4 25. cxb4 Qxf2 26. b5 Nc5 27. Bxc5 dxc5 28. Re2 Qf4 29. Rf1 Qxa4 30. Qxc5 Nxf5 31. Rg2 Bg7 32. Bxf5 Bxf5 33. Nxf5 Rxf5 34. Rxf5 Qd1+ 35. Rf1 1-0

[Event "FRM-chT2"]
[Site "Struga"]
[Date "2023.06.30"]
[Round "1.3"]
[White "Kacakovski, Dimitar"]
[Black "Gecovski, Goce"]
[Result "0-1"]
[WhiteElo "1995"]
[BlackElo "2209"]
[PlyCount "47"]
[EventDate "2023.06.30"]
[EventType "team-tourn"]
[EventRounds "7"]
[EventCountry "MKD"]
[SourceTitle "EXT 2024"]
[Source "ChessBase"]
[SourceDate "2023.10.10"]
[SourceVersion "1"]
[SourceVersionDate "2023.10.10"]
[SourceQuality "1"]

1. d4 Nf6 2. c4 c5 3. d5 b5 4. cxb5 a6 5. e3 e6 6. Nc3 Bb7 7. e4 axb5 8. Bxb5 Nxe4 9. Nxe4 exd5 10. Bg5 Qb6 11. Nc3 f6 12. Nf3 d4 13. Qe2+ Kd8 14. Ne5 Qe6 15. Bc4 d5 16. Bb5 Kc8 17. Ng6 Qxe2+ 18. Nxe2 hxg6 19. Bd2 Bc6 20. Bd3 Nd7 21. Bxg6 Ne5 22. Nf4 Bd6 23. Bf5+ Kb7 24. 0-0 0-1

[Event "FRM-chT2 Final"]
[Site "Ohrid"]
[Date "2022.07.24"]
[Round "1.4"]
[White "Kacakovski, Dimitar"]
[Black "Krasnici, Hasan"]
[Result "1/2-1/2"]
[WhiteElo "1988"]
[BlackElo "2210"]
[PlyCount "96"]
[EventDate "2022.07.24"]
[EventType "team-tourn"]
[EventRounds "3"]
[EventCountry "MKD"]
[SourceTitle "EXT 2023"]
[Source "ChessBase"]
[SourceDate "2022.10.05"]
[SourceVersion "1"]
[SourceVersionDate "2022.10.05"]
[SourceQuality "1"]
[WhiteTeam "Karpos"]
[BlackTeam "Shkupi"]
[WhiteTeamCountry "MKD"]
[BlackTeamCountry "MKD"]

1. Nf3 e6 2. d4 d5 3. c4 c6 4. g3 Nf6 5. Bg2 Bb4+ 6. Bd2 Bxd2+ 7. Nbxd2 0-0 8. 0-0 Nbd7 9. Qc2 b6 10. e4 dxe4 11. Nxe4 Qc7 12. Rfe1 Bb7 13. Rad1 c5 14. Nxf6+ Nxf6 15. dxc5 Qxc5 16. Rd2 Rfd8 17. Red1 Rxd2 18. Rxd2 Rc8 19. Nd4 Bxg2 20. Kxg2 h6 21. b3 a6 22. Qd1 Ne4 23. Rd3 e5 24. f3 Nf6 25. Nf5 b5 26. Rd6 Re8 27. cxb5 axb5 28. Nxh6+ Kf8 29. Nf5 Rc8 30. Rd8+ Ne8 31. Rd5 Qc3 32. Qe2 f6 33. Rxb5 Qc2 34. Qxc2 Rxc2+ 35. Kh3 Nc7 36. Rb7 g6 37. Nh4 Kg7 38. a4 Kh6 39. Ng2 Ne6 40. Ne3 Ng5+ 41. Kg4 f5+ 42. Nxf5+ gxf5+ 43. Kxf5 Nxf3 44. h4 Re2 45. a5 Nd4+ 46. Kf6 e4 47. a6 Ra2 48. Ke5 Nc6+ 1/2-1/2

[Event "FRM-chT qual Final"]
[Site "Ohrid"]
[Date "2020.08.24"]
[Round "1.2"]
[White "Veljanoski, Andrej"]
[Black "Kacakovski, Dimitar"]
[Result "1/2-1/2"]
[WhiteElo "2015"]
[BlackElo "2055"]
[PlyCount "89"]
[EventDate "2020.08.24"]
[EventType "team-tourn"]
[EventRounds "3"]
[EventCountry "MKD"]
[SourceTitle "EXT 2021"]
[Source "ChessBase"]
[SourceDate "2020.10.23"]
[SourceVersion "1"]
[SourceVersionDate "2020.10.23"]
[SourceQuality "1"]
[WhiteTeam "Skopje MSK Centar"]
[BlackTeam "Skopje Karposh"]
[WhiteTeamCountry "MKD"]
[BlackTeamCountry "MKD"]

1. e4 e5 2. Nf3 Nc6 3. d4 exd4 4. Nxd4 Nf6 5. Nc3 Bb4 6. Nxc6 bxc6 7. Bd3 d5 8. exd5 cxd5 9. 0-0 0-0 10. Bg5 c6 11. Qf3 Be7 12. Rfe1 Re8 13. h3 h6 14. Bf4 Bd6 15. Rxe8+ Nxe8 16. Re1 Bxf4 17. Qxf4 Be6 18. b4 a5 19. a3 axb4 20. axb4 Qf6 21. Qxf6 Nxf6 22. Ne2 Ra4 23. Rb1 Kf8 24. Nd4 Bd7 25. c3 Ra3 26. Rb3 Ra1+ 27. Rb1 Ra3 28. Nb3 Ke7 29. Kf1 Ne4 30. Bxe4 dxe4 31. c4 Be6 32. Nd2 f5 33. Ke2 Ra2 34. Ke1 f4 35. Rb3 Ra1+ 36. Ke2 Rg1 37. g4 Rh1 38. Ra3 Rxh3 39. Ra7+ Kf8 40. Nxe4 Bxc4+ 41. Kd2 Rb3 42. Ra8+ Ke7 43. Ra7+ Kf8 44. Ra8+ Ke7 45. Ra7+ 1/2-1/2

[Event "Skopje op"]
[Site "Skopje"]
[Date "2019.12.07"]
[Round "3"]
[White "Shuqja, Klean"]
[Black "Kacakovski, Dimitar"]
[Result "1/2-1/2"]
[WhiteElo "1729"]
[BlackElo "2073"]
[PlyCount "96"]
[EventDate "2019.12.06"]
[EventType "swiss"]
[EventRounds "9"]
[EventCountry "MKD"]
[SourceTitle "CBM 193 Extra"]
[Source "ChessBase"]
[SourceDate "2020.01.31"]
[SourceVersion "1"]
[SourceVersionDate "2020.01.31"]
[SourceQuality "1"]

1. b3 d5 2. Bb2 c5 3. e3 Nf6 4. Nf3 a6 5. Be2 Nc6 6. 0-0 Qc7 7. d4 e6 8. Nbd2 cxd4 9. Nxd4 e5 10. Nxc6 bxc6 11. c4 Bd6 12. Rc1 Qe7 13. Qc2 0-0 14. e4 dxe4 15. c5 Bb8 16. Nxe4 Be6 17. Nxf6+ Qxf6 18. f4 Qh6 19. fxe5 Bxe5 20. Bxe5 Qe3+ 21. Kh1 Qxe5 22. Bf3 Qc7 23. Rfd1 Rfd8 24. Rd6 Rxd6 25. cxd6 Qxd6 26. Qxc6 Qxc6 27. Rxc6 Rc8 28. Rxc8+ Bxc8 29. b4 Kf8 30. Kg1 Ke7 31. Kf2 Kd6 32. Ke3 Be6 33. Kd4 Bxa2 34. Bb7 g5 35. Bxa6 Bd5 36. g3 h5 37. Bc4 Bxc4 38. Kxc4 h4 39. gxh4 gxh4 40. Kd4 h3 41. Ke4 Kc6 42. Kf4 Kb5 43. Kg4 Kxb4 44. Kxh3 Kc5 45. Kg4 Kd6 46. Kf5 Ke7 47. h4 Kf8 48. Kf6 Kg8 1/2-1/2

[Event "FRM-chT"]
[Site "Ohrid"]
[Date "2019.07.22"]
[Round "1.6"]
[White "Kacakovski, Dimitar"]
[Black "Bejatovic, Bojana"]
[Result "0-1"]
[WhiteElo "2069"]
[BlackElo "2038"]
[PlyCount "104"]
[EventDate "2019.07.22"]
[EventType "team-tourn"]
[EventRounds "7"]
[EventCountry "MKD"]
[SourceTitle "EXT 2020"]
[Source "ChessBase"]
[SourceDate "2019.10.17"]
[SourceVersion "1"]
[SourceVersionDate "2019.10.17"]
[SourceQuality "1"]
[WhiteTeam "Skopje Karposh"]
[BlackTeam "Skopje Kisela Voda"]
[WhiteTeamCountry "MKD"]
[BlackTeamCountry "MKD"]

1. d4 Nf6 2. c4 g6 3. g3 Bg7 4. Bg2 d6 5. Nc3 0-0 6. Nf3 Nbd7 7. 0-0 e5 8. e4 Ne8 9. Be3 f5 10. dxe5 dxe5 11. exf5 gxf5 12. Ng5 Qe7 13. Bd5+ Kh8 14. Nxh7 Nef6 15. Nxf8 Nxf8 16. Bg5 N8h7 17. h4 Nxg5 18. hxg5 Ng4 19. f3 Qc5+ 20. Kh1 Nf2+ 21. Rxf2 Qxf2 22. Qg1 Qxg1+ 23. Rxg1 c6 24. Bf7 e4 25. f4 Bxc3 26. bxc3 Kg7 27. g6 Bd7 28. Rb1 b6 29. c5 Be8 30. cxb6 axb6 31. Be6 Kxg6 32. Rxb6 Ra3 33. Bb3 Kf6 34. Kg1 Ke7 35. Kf2 Kd6 36. Rb8 Bh5 37. Ke3 Ra7 38. Rf8 Bg4 39. Rf6+ Kc5 40. Be6 Ra3 41. Bb3 Ra8 42. Rg6 Rd8 43. Bc2 Bd1 44. Bxd1 Rxd1 45. c4 Rd3+ 46. Ke2 Ra3 47. Rg5 Kd4 48. Rxf5 Rxa2+ 49. Kf1 Ke3 50. Re5 Kf3 51. Ke1 e3 52. Kd1 Kf2 0-1

[Event "EU-ch 20th"]
[Site "Skopje"]
[Date "2019.03.25"]
[Round "7"]
[White "Kacakovski, Dimitar"]
[Black "Chigaeva, Anastasia"]
[Result "1-0"]
[WhiteElo "2043"]
[BlackElo "2167"]
[PlyCount "59"]
[EventDate "2019.03.18"]
[EventType "swiss"]
[EventRounds "11"]
[EventCountry "MKD"]
[SourceTitle "CBM 189"]
[Source "ChessBase"]
[SourceDate "2019.04.29"]
[SourceVersion "1"]
[SourceVersionDate "2019.04.29"]
[SourceQuality "1"]

1. e4 e6 2. d4 d5 3. Nc3 Nf6 4. e5 Nfd7 5. f4 c5 6. Nf3 Qb6 7. Na4 Qa5+ 8. c3 cxd4 9. b4 Qc7 10. Nxd4 a6 11. Bd2 b5 12. Nb2 Nc6 13. a4 bxa4 14. Nxc6 Qxc6 15. Qxa4 Qb6 16. Nd1 Bb7 17. Be3 Qc7 18. Bd4 Be7 19. Bd3 0-0 20. Qc2 h6 21. 0-0 f6 22. Qe2 f5 23. g4 g6 24. gxf5 gxf5 25. Qh5 Kh7 26. Ne3 Rg8+ 27. Kf2 Rae8 28. Rg1 Qd8 29. Rxg8 Bh4+ 30. Rg3 1-0

[Event "FRM-ch op"]
[Site "Skopje"]
[Date "2018.12.19"]
[Round "5"]
[White "Kacakovski, Dimitar"]
[Black "Kralevski, Aleksander"]
[Result "0-1"]
[WhiteElo "2042"]
[BlackElo "2112"]
[PlyCount "40"]
[EventDate "2018.12.15"]
[EventType "swiss"]
[EventRounds "9"]
[EventCountry "MKD"]
[SourceTitle "CBM 187 Extra"]
[Source "ChessBase"]
[SourceDate "2018.11.04"]
[SourceVersion "1"]
[SourceVersionDate "2018.11.04"]
[SourceQuality "1"]

1. e4 e5 2. Nf3 Nc6 3. Bc4 Nf6 4. d3 Bc5 5. 0-0 d6 6. c3 Bb6 7. a4 a5 8. Na3 h6 9. Be3 Bxe3 10. fxe3 0-0 11. Nh4 Ng4 12. Ng6 Nxe3 13. Nxf8 Nxd1 14. Rxf7 Ne3 15. Bb3 d5 16. Rf3 Qg5 17. Kf2 Ng4+ 18. Ke1 Nf6 19. exd5 Kxf8 20. dxc6 Qxg2 0-1

[Event "FRM-ch op"]
[Site "Skopje"]
[Date "2018.12.17"]
[Round "3"]
[White "Kacakovski, Dimitar"]
[Black "Dinev, Dejan"]
[Result "1/2-1/2"]
[WhiteElo "2042"]
[BlackElo "2248"]
[PlyCount "84"]
[EventDate "2018.12.15"]
[EventType "swiss"]
[EventRounds "9"]
[EventCountry "MKD"]
[SourceTitle "CBM 187 Extra"]
[Source "ChessBase"]
[SourceDate "2018.11.04"]
[SourceVersion "1"]
[SourceVersionDate "2018.11.04"]
[SourceQuality "1"]

1. e4 e6 2. d4 d5 3. Nc3 Nf6 4. e5 Nfd7 5. f4 c5 6. Nf3 Nc6 7. Be3 Be7 8. Qd2 0-0 9. dxc5 Nxc5 10. 0-0-0 Qa5 11. Kb1 Rb8 12. Nd4 Qd8 13. h4 Bd7 14. f5 exf5 15. Nf3 Ne4 16. Nxe4 fxe4 17. Qxd5 exf3 18. Qxd7 Nxe5 19. Qd5 Qc7 20. Bd4 Rbd8 21. Qe4 Bc5 22. c3 Rfe8 23. Bb5 Nc6 24. Qxf3 Bxd4 25. cxd4 Rxd4 26. Rc1 Rd6 27. Rc3 h6 28. Rhc1 Ree6 29. g4 Qb6 30. Bd3 Ne5 31. Rc8+ Rd8 32. Qxb7 Ree8 33. Qxb6 axb6 34. Bf5 g6 35. Rxd8 Rxd8 36. Rc8 Rf8 37. Rxf8+ Kxf8 38. Bc8 Ke7 39. h5 Kd8 40. hxg6 fxg6 41. Be6 Ke7 42. Bc8 Kd8 1/2-1/2

[Event "FRM-ch op"]
[Site "Skopje"]
[Date "2018.12.15"]
[Round "1"]
[White "Kacakovski, Dimitar"]
[Black "Kjosev, Stefan"]
[Result "1-0"]
[WhiteElo "2042"]
[BlackElo "1288"]
[PlyCount "45"]
[EventDate "2018.12.15"]
[EventType "swiss"]
[EventRounds "9"]
[EventCountry "MKD"]
[SourceTitle "CBM 187 Extra"]
[Source "ChessBase"]
[SourceDate "2018.11.04"]
[SourceVersion "1"]
[SourceVersionDate "2018.11.04"]
[SourceQuality "1"]

1. e4 e5 2. Nf3 Nc6 3. Bc4 Bc5 4. d3 Nf6 5. 0-0 d6 6. c3 Be6 7. Nbd2 0-0 8. b4 Bb6 9. Bxe6 fxe6 10. Nc4 Qe7 11. a4 a6 12. Ba3 Rfd8 13. b5 axb5 14. axb5 Na5 15. Nxb6 cxb6 16. Nxe5 Qc7 17. Ng4 Qxc3 18. Rc1 Qxa3 19. Nxf6+ gxf6 20. Rc7 Kf8 21. Qg4 d5 22. Qg7+ Ke8 23. Qf7# 1-0

[Event "FRM-chT"]
[Site "Struga"]
[Date "2018.08.16"]
[Round "6.3"]
[White "Kacakovski, Dimitar"]
[Black "Jovchev, Riste"]
[Result "0-1"]
[WhiteElo "2083"]
[BlackElo "1711"]
[PlyCount "62"]
[EventDate "2018.08.11"]
[EventType "team-tourn"]
[EventRounds "7"]
[EventCountry "MKD"]
[SourceTitle "CBM 186 Extra"]
[Source "ChessBase"]
[SourceDate "2018.08.24"]
[SourceVersion "1"]
[SourceVersionDate "2018.08.24"]
[SourceQuality "1"]
[WhiteTeam "Skopje Karposh"]
[BlackTeam "Skopje MSK Centar"]
[WhiteTeamCountry "MKD"]
[BlackTeamCountry "MKD"]

1. e4 c5 2. Nf3 d6 3. d4 cxd4 4. Nxd4 Nf6 5. Nc3 g6 6. Be3 Bg7 7. f3 0-0 8. Qd2 Nc6 9. Bc4 Bd7 10. 0-0-0 Rc8 11. Bb3 Ne5 12. Kb1 Nc4 13. Bxc4 Rxc4 14. g4 a6 15. h4 h5 16. g5 Nh7 17. f4 b5 18. e5 Bg4 19. Nde2 Qa8 20. Nd5 Qb7 21. Rhg1 Bf3 22. exd6 exd6 23. Rg3 Be4 24. Ndc3 Bf5 25. Rc1 b4 26. Qd5 Qc7 27. Bb6 Qc8 28. Bd4 Be6 29. Qe4 bxc3 30. Rxc3 Re8 31. Rxc4 Bxc4 0-1

[Event "Skopje U2200 op"]
[Site "Skopje"]
[Date "2017.12.09"]
[Round "5"]
[White "Kacakovski, Dimitar"]
[Black "Hart, Alexander E"]
[Result "1-0"]
[WhiteElo "2144"]
[BlackElo "1953"]
[PlyCount "42"]
[EventDate "2017.12.07"]
[EventType "swiss"]
[EventRounds "7"]
[EventCountry "MKD"]
[SourceTitle "CBM 182 Extra"]
[Source "ChessBase"]
[SourceDate "2018.02.23"]
[SourceVersion "1"]
[SourceVersionDate "2018.02.23"]
[SourceQuality "1"]

1. e4 c6 2. d4 d5 3. Nd2 dxe4 4. Nxe4 Bf5 5. Ng3 Bg6 6. h4 h6 7. Nf3 Nd7 8. h5 Bh7 9. Bd3 Bxd3 10. Qxd3 Qc7 11. Bd2 0-0-0 12. 0-0-0 e6 13. Kb1 Ngf6 14. Ne4 Nxe4 15. Qxe4 Nf6 16. Qe2 Rd5 17. c4 Rxh5 18. Rhg1 Bd6 19. g4 Rh3 20. Ne5 h5 21. g5 Bxe5 1-0

[Event "Skopje U2200 op"]
[Site "Skopje"]
[Date "2017.12.09"]
[Round "4"]
[White "Kosmidis, Ioannis"]
[Black "Kacakovski, Dimitar"]
[Result "1-0"]
[WhiteElo "1960"]
[BlackElo "2144"]
[PlyCount "41"]
[EventDate "2017.12.07"]
[EventType "swiss"]
[EventRounds "7"]
[EventCountry "MKD"]
[SourceTitle "CBM 182 Extra"]
[Source "ChessBase"]
[SourceDate "2018.02.23"]
[SourceVersion "1"]
[SourceVersionDate "2018.02.23"]
[SourceQuality "1"]

1. d4 Nf6 2. c4 g6 3. Nc3 Bg7 4. e4 d6 5. Nge2 0-0 6. Ng3 c5 7. d5 e6 8. Be2 exd5 9. cxd5 a6 10. a4 Re8 11. 0-0 Nbd7 12. Be3 Qc7 13. Qd2 c4 14. Rfc1 b6 15. f3 h5 16. Rab1 h4 17. Nf1 Ne5 18. b3 Rb8 19. bxc4 Nxc4 20. Bxc4 Qxc4 21. Nb5 1-0

[Event "Belgrade Trophy 31st"]
[Site "Belgrade"]
[Date "2017.11.26"]
[Round "3"]
[White "Rajkovic, Mladen"]
[Black "Kacakovski, Dimitar"]
[Result "1-0"]
[WhiteElo "2359"]
[BlackElo "2144"]
[PlyCount "59"]
[EventDate "2017.11.24"]
[EventType "swiss"]
[EventRounds "9"]
[EventCountry "SRB"]
[SourceTitle "CBM 181 Extra"]
[Source "ChessBase"]
[SourceDate "2017.12.12"]
[SourceVersion "1"]
[SourceVersionDate "2017.12.12"]
[SourceQuality "1"]

1. e4 e5 2. Nf3 Nf6 3. d4 Nxe4 4. Bd3 d5 5. Nxe5 Nd7 6. 0-0 Nxe5 7. dxe5 Nc5 8. Be2 h5 9. f4 Bf5 10. Be3 Ne6 11. Bd3 Bg4 12. Qe1 d4 13. Bd2 Nc5 14. f5 Nxd3 15. cxd3 g6 16. fxg6 fxg6 17. Qe4 Bf5 18. Rxf5 gxf5 19. Qxf5 Qd7 20. e6 Qh7 21. Qa5 Qxd3 22. Na3 c6 23. Bg5 Bh6 24. Re1 Rg8 25. Bxh6 Qg6 26. Qd2 0-0-0 27. Nc4 h4 28. Bf4 h3 29. g3 c5 30. Qa5 1-0

[Event "FRM-chT 16th"]
[Site "Ohrid"]
[Date "2017.07.24"]
[Round "1.2"]
[White "Kacakovski, Dimitar"]
[Black "Podlesnik, Bogdan"]
[Result "0-1"]
[WhiteElo "2137"]
[BlackElo "2374"]
[PlyCount "72"]
[EventDate "2017.07.24"]
[EventType "team-tourn"]
[EventRounds "5"]
[EventCountry "MKD"]
[SourceTitle "CBM 179 Extra"]
[Source "ChessBase"]
[SourceDate "2017.08.23"]
[SourceVersion "1"]
[SourceVersionDate "2017.08.23"]
[SourceQuality "1"]
[WhiteTeam "Skopje Karposh"]
[BlackTeam "Skopje Gambit Asseko"]
[WhiteTeamCountry "MKD"]
[BlackTeamCountry "MKD"]

1. e4 c5 2. Nf3 Nc6 3. d4 cxd4 4. Nxd4 Nf6 5. Nc3 e6 6. Nxc6 bxc6 7. e5 Nd5 8. Ne4 Qc7 9. f4 Qb6 10. c4 Bb4+ 11. Ke2 Ba6 12. Kf3 f5 13. Nf2 Ne7 14. Be3 Bc5 15. Bxc5 Qxc5 16. Qd6 Qb6 17. b3 c5 18. Rd1 Bb7+ 19. Ke3 Bc6 20. Nd3 g5 21. fxg5 f4+ 22. Kf2 Qa5 23. Qxc5 Qxa2+ 24. Be2 f3 25. gxf3 0-0 26. f4 Bxh1 27. Qxe7 Rf7 28. Qb4 Bc6 29. Rd2 Qa1 30. Bf3 Qd4+ 31. Kg3 a5 32. Qd6 Qe3 33. Rf2 Raf8 34. Kg2 Rxf4 35. Nxf4 Qxf4 36. Qd3 Qg4+ 0-1

[Event "FRM-chT 25th"]
[Site "Ohrid"]
[Date "2016.08.10"]
[Round "3.2"]
[White "Pancevski, Filip"]
[Black "Kacakovski, Dimitar"]
[Result "1-0"]
[WhiteElo "2497"]
[BlackElo "2133"]
[PlyCount "45"]
[EventDate "2016.08.08"]
[EventType "team-tourn"]
[EventRounds "5"]
[EventCountry "MKD"]
[SourceTitle "CBM 173 Extra"]
[Source "ChessBase"]
[SourceDate "2016.08.29"]
[SourceVersion "1"]
[SourceVersionDate "2016.08.29"]
[SourceQuality "1"]
[WhiteTeam "Skopje Alkaloid"]
[BlackTeam "Skopje Karposh"]
[WhiteTeamCountry "MKD"]
[BlackTeamCountry "MKD"]

1. b3 d5 2. Bb2 c5 3. e3 Nf6 4. f4 a6 5. Nf3 Nc6 6. d3 b5 7. g3 d4 8. exd4 cxd4 9. Bg2 Bg4 10. h3 Bxf3 11. Qxf3 Rc8 12. a4 e6 13. 0-0 Nb4 14. axb5 axb5 15. Na3 Nfd5 16. Bxd4 Nxc2 17. Nxc2 Rxc2 18. f5 Nc7 19. Bb6 e5 20. Rfc1 Bc5+ 21. Bxc5 Rxc5 22. Rxc5 Qd4+ 23. Qf2 1-0

[Event "FRM-ch op 25th"]
[Site "Struga"]
[Date "2016.07.21"]
[Round "6"]
[White "Kacakovski, Dimitar"]
[Black "Nikolov, Sasho"]
[Result "0-1"]
[WhiteElo "2085"]
[BlackElo "2364"]
[PlyCount "65"]
[EventDate "2016.07.16"]
[EventType "swiss"]
[EventRounds "9"]
[EventCountry "MKD"]
[SourceTitle "CBM 173 Extra"]
[Source "ChessBase"]
[SourceDate "2016.08.29"]
[SourceVersion "1"]
[SourceVersionDate "2016.08.29"]
[SourceQuality "1"]

1. e4 c5 2. Nf3 d6 3. d4 cxd4 4. Nxd4 Nf6 5. Nc3 a6 6. Bg5 Nbd7 7. Qe2 h6 8. Bh4 g6 9. e5 dxe5 10. Bxf6 exf6 11. 0-0-0 Bg7 12. g4 h5 13. Bh3 Kf8 14. Nb3 hxg4 15. Qxg4 f5 16. Qb4+ Kg8 17. Bf1 Rh4 18. Qd6 Bf8 19. Qd5 Qc7 20. Bg2 Kg7 21. h3 Rc4 22. Qd3 e4 23. Qe2 Rxc3 24. Rxd7 Bxd7 25. bxc3 Qxc3 26. Qe3 Ba3+ 27. Kd1 Qe5 28. f4 Qd6+ 29. Ke2 Rc8 30. c3 Bb5+ 31. Kf2 Bd3 32. Qd2 Qc7 33. Bf1 0-1

[Event "FRM-ch op 25th"]
[Site "Struga"]
[Date "2016.07.20"]
[Round "5"]
[White "Danchevski, Orce"]
[Black "Kacakovski, Dimitar"]
[Result "0-1"]
[WhiteElo "2369"]
[BlackElo "2085"]
[PlyCount "90"]
[EventDate "2016.07.16"]
[EventType "swiss"]
[EventRounds "9"]
[EventCountry "MKD"]
[SourceTitle "CBM 173 Extra"]
[Source "ChessBase"]
[SourceDate "2016.08.29"]
[SourceVersion "1"]
[SourceVersionDate "2016.08.29"]
[SourceQuality "1"]

1. d4 d5 2. Nf3 c5 3. e3 Nf6 4. b3 cxd4 5. exd4 Bf5 6. Bd3 Bxd3 7. Qxd3 Nc6 8. 0-0 e6 9. Bg5 Be7 10. c3 0-0 11. Nbd2 Nd7 12. Bxe7 Nxe7 13. Rfe1 Ng6 14. g3 Rc8 15. Rac1 a6 16. Kg2 b5 17. h4 Nf6 18. Ng5 Re8 19. Ndf3 Rc7 20. Ne5 Nh5 21. Qd1 Nf6 22. Nxg6 hxg6 23. Qf3 Qd6 24. g4 Rec8 25. h5 gxh5 26. gxh5 b4 27. h6 bxc3 28. Re5 Qe7 29. hxg7 Kxg7 30. Qg3 Kf8 31. Re3 c2 32. Qh3 Ng8 33. f4 Qb4 34. Nf3 Rc3 35. Rxc3 Rxc3 36. Qh7 Nf6 37. Qh4 Ke7 38. Qe1 Ne4 39. Qh4+ Nf6 40. Qe1 Ne4 41. Qh4+ f6 42. Qh8 Qb5 43. Qg7+ Kd6 44. Qf8+ Kc7 45. Qe7+ Kb8 0-1

[Event "FRM-ch op 25th"]
[Site "Struga"]
[Date "2016.07.16"]
[Round "1"]
[White "Batkoski, Igor"]
[Black "Kacakovski, Dimitar"]
[Result "0-1"]
[WhiteElo "1536"]
[BlackElo "2085"]
[PlyCount "82"]
[EventDate "2016.07.16"]
[EventType "swiss"]
[EventRounds "9"]
[EventCountry "MKD"]
[SourceTitle "CBM 173 Extra"]
[Source "ChessBase"]
[SourceDate "2016.08.29"]
[SourceVersion "1"]
[SourceVersionDate "2016.08.29"]
[SourceQuality "1"]

1. d4 d5 2. c4 e6 3. a3 Nf6 4. Nc3 b6 5. Nf3 Bb7 6. Bg5 Be7 7. e3 h6 8. Bh4 0-0 9. Be2 c5 10. 0-0 Ne4 11. Bxe7 Qxe7 12. Rc1 Nd7 13. cxd5 exd5 14. dxc5 Nxc3 15. Rxc3 bxc5 16. Re1 Rfd8 17. Qc2 Qf6 18. g3 d4 19. Nxd4 cxd4 20. exd4 Rac8 21. Qb3 Rxc3 22. bxc3 Qc6 23. f3 Nb6 24. Kf2 Re8 25. Bd1 Rxe1 26. Kxe1 Qe8+ 27. Kf2 Bd5 28. Qc2 Nc4 29. Qd3 Nxa3 30. Qa6 Nc4 31. Qxa7 Qe3+ 32. Kf1 Nd2+ 33. Kg2 Nxf3 34. Qb8+ Kh7 35. Bc2+ Be4 36. Qb1 Qe2+ 37. Kh3 Ng5+ 38. Kh4 Qxh2+ 39. Kg4 f5+ 40. Kf4 Qf2+ 41. Ke5 Qxg3# 0-1

[Event "EU-Cup 31st"]
[Site "Skopje"]
[Date "2015.10.20"]
[Round "3.2"]
[White "Kacakovski, Dimitar"]
[Black "Filipovic, Slobodan J"]
[Result "0-1"]
[WhiteElo "2150"]
[BlackElo "2226"]
[PlyCount "106"]
[EventDate "2015.10.18"]
[EventType "team-swiss"]
[EventRounds "7"]
[EventCountry "MKD"]
[SourceTitle "CBM 169"]
[Source "ChessBase"]
[SourceDate "2015.11.10"]
[SourceVersion "1"]
[SourceVersionDate "2015.11.10"]
[SourceQuality "1"]
[WhiteTeam "Karpos"]
[BlackTeam "Bonnevoie Gambit"]
[WhiteTeamCountry "MKD"]
[BlackTeamCountry "LUX"]

1. d4 Nf6 2. c4 g6 3. g3 c6 4. Bg2 d5 5. Nf3 Bg7 6. b3 0-0 7. 0-0 Bf5 8. Nh4 Be6 9. Nd2 Ne4 10. Nxe4 dxe4 11. Bxe4 Qxd4 12. Qxd4 Bxd4 13. Rb1 a5 14. Nf3 Bc5 15. Ng5 Bc8 16. Bg2 f5 17. Bb2 h6 18. Nf3 Na6 19. e3 Be6 20. Ne5 Kh7 21. Nd3 Bd6 22. Bd4 Nb4 23. Nc5 Bc8 24. Na4 Nxa2 25. Nb6 Ra6 26. c5 Bc7 27. Nxc8 Rxc8 28. Rfd1 Rd8 29. e4 e5 30. Bb2 Raa8 31. Re1 Re8 32. Rbd1 Re7 33. f4 Rae8 34. exf5 gxf5 35. Bh3 Kg6 36. fxe5 Bxe5 37. Bxe5 Rxe5 38. Rd6+ Kg7 39. Rd7+ Kf6 40. Rxe5 Rxe5 41. Rxb7 Rxc5 42. Bf1 Nc3 43. Kf2 Ne4+ 44. Ke3 Rc2 45. Rb6 Ke5 46. Ra6 Rc3+ 47. Ke2 Rxb3 48. Rxa5+ c5 49. Bg2 Rb2+ 50. Kf1 Kd4 51. Ra6 c4 52. Rxh6 c3 53. Bxe4 fxe4 0-1